000 01101nas a2200277 454500
001 40308
005 20260407193510.0
008 260407s1983####ag###########|||spa#d
003 AR-UNSa-BCEJYS
040 _aAR-UNSa-BCEJYS
_bspa
_cAR-UNSa-BCEJYS
080 _a338.43
_xAgricultura como una rama de la economía. Economía de los productos alimenticios
245 1 0 _aSituación coyuntural del sector agropecuario
022 _a0325-9161
264 1 _aBuenos Aires :
_bBanco Ganadero Argentino
_c1983
310 _aFrecuencia: Bimestral Cambia la frecuencia a partir del Año 10, Nº 50 a Trimestral Cambia de Editor a partir del Año 1, Nº 2 a Banco Río, abril/julio de 1987
505 _a
041 _aspa
942 _cSER
590 _aniveau_biblio:s niveau_hierar:1
100 1 _aBanco Ganadero Argentino. Servicio de Investigaciones Económicas
650 _aAgricultura
650 _aESTADISTICA
650 _aACTIVIDAD AGROPECUARIA
650 _aGANADERIA
856 4 1 _uhttps://biblioeco.unsa.edu.ar/pmb/images/revistas/bancoGanaderoArg.jpg
_yImagen de portada
_qimage/jpeg
999 _c8867
_d8867